书目信息 |
| 题名: |
冯玉祥与国民军
|
|
| 作者: | 普里马科夫 著 ;曾宪权 译 | |
| 分册: | ||
| 出版信息: | 北京 中国社会科学出版社 1982 |
|
| 页数: | 218页 | |
| 开本: | 19cm | |
| 丛书名: | ||
| 单 册: | ||
| 中图分类: | K264.34 , K262 | |
| 科图分类: | ||
| 主题词: | 国民军--史料--中国 , 中国--历史 | |
| 电子资源: | ||
| ISBN: | ||
| 000 | 00967nam0 2200313 45 | |
| 001 | 0185015576 | |
| 005 | 20040518170544.9 | |
| 010 | @dCNY0.66 | |
| 091 | @a11190.100 | |
| 100 | @a19951103d1982 em y0chiy0121 ea | |
| 101 | 0 | @achi@crus |
| 102 | @aCN@b130000 | |
| 105 | @acf z 000yy | |
| 106 | @ar | |
| 200 | 10 | @a冯玉祥与国民军@AFeng Yu Xiang Yu Guo Min Jun@e一个志愿兵的札记@e1925-1926@EYi Ge Zhi Yuan Bing De Zha Ji@f(苏)维·马·普里马科夫著@F(Su)Wei·Ma·Pu Li Ma Ke Fu Zhu@g曾宪权译 |
| 210 | @a北京@c中国社会科学出版社@d1982 | |
| 215 | @a218页@d19cm | |
| 517 | 1 | @a一个志愿兵的札记@AYi Ge Zhi Yuan Bing De Zha Ji |
| 517 | @a1925-1926 | |
| 600 | 0 | @a冯玉祥@x史料 |
| 606 | @a国民军@x史料@y中国 | |
| 606 | 0 | @a中国@x历史 |
| 690 | @aK264.34@v3 | |
| 690 | @aK262@v3 | |
| 701 | 0 | @a普里马科夫@4著 |
| 702 | 0 | @a曾宪权@ACeng Xian Quan@4译 |
| 801 | 0 | @aCN@b深圳图书馆@c20040105 |
| 801 | 2 | @aCN@bNLC@c20040105 |
| 905 | @dK262@e10@f3@b101308-310 | |
| 冯玉祥与国民军:一个志愿兵的札记:1925-1926/(苏)维·马·普里马科夫著/曾宪权译.-北京:中国社会科学出版社,1982 |
| 218页;19cm |
| ISBN :CNY0.66 |
| ● |
| 相关链接 |
|
|
|
|
正题名:冯玉祥与国民军
索取号:K262/10
 
预约/预借
| 序号 | 登录号 | 条形码 | 馆藏地/架位号 | 状态 | 备注 |
| 1 | 0081051 | 001856824 | 密集书库/ [索取号:K262/10] | 在馆 | |
| 2 | 0081052 | 001856833 | 密集书库/ [索取号:K262/10] | 在馆 | |
| 3 | 0081053 | 001856842 | 密集书库/ [索取号:K262/10] | 在馆 | |
| 4 | 0101308 | 000356028 | 第二借阅区/ [索取号:K262/10] | 在馆 | |
| 5 | 0101309 | 000356019 | 第二借阅区/ [索取号:K262/10] | 在馆 | |
| 6 | 0101310 | 000356082 | 第二样本阅览室/ [索取号:K262/10] | 在馆 |